01259nab a22002417a 4500999001500000003000400015005001700019008004100036040000700077100003800084245012600122300001500248500003800263505026800301505010100569650002800670650004600698650003200744650003400776650003500810773015900845942001301004 c6275d6275OSt20260128204937.0190514b xxu||||| |||| 00| 0 spa d cPJ 95888aDelgado Solis, Elba Érika13aLa perspectiva de género : cuna herramienta interpretativa que va más allá de la violencia /bErika Delgado Solis. ap. 189-195 aCita: TR LALEY AR/DOC/2710/2025.  aSumario: I. Breves palabras introductorias.— II. Plataforma fáctica y normativa. Valoración de los argumentos dados por los magistrados en su decisión.— III. La perspectiva de género como herramienta que garantiza derechos.— IV. Palabras de cierre.  tFallo comentado: CFamilia, Mendoza ~ 15/05/2025 ~ O., L. A. c. B., V. R. s/ acción de nulidad. 09967aDERECHO DE FAMILIA 091022aLIQUIDACION DE LA SOCIEDAD CONYUGAL 093053aVIOLENCIA DE GÉNERO 094044aPERSPECTIVA DE GÉNERO 091057aJURISPRUDENCIA APLICABLE0 0284493222dBuenos Aires : AbeledoPerrot, 1989-tDerecho de familia. Revista Interdisciplinaria de doctrina y jurisprudencia. Diciembre 2025-VI.z18511201 2udccANA